00530nam a22001457a 4500003000400000005001700004008004100021040001400062100001900076245007500095260000900170300002700179500014700206504003100353OSt20171010095440.0120608t xxu||||| |||| 00| 0 eng d aMMSUcULS aLledo, Zoe P.  aEvaluation of an Iluko-translated video on biotechnologycZoe P. Lledo c2007 axv, 75 leaves c28 cm. aThesis (BS Development Communication) -- Mariano Marcos State University-College of Agriculture, Food and Sustainable Development, Batac City  aBibliography: leaves 39-40